000 00219nam a22000977a 4500
082 _a891.4393 QUR
100 _aQURAT UL AIN
_91394
245 _aKAR JEHAN DRAZ HAY
260 _bSANG E MEEL PUBLISHER
_c2001
942 _cBK
999 _c569052
_d569052